| 000 | 00515nam a2200181Ia 4500 | ||
|---|---|---|---|
| 001 | 8027 | ||
| 003 | GE_BSU | ||
| 008 | 181216s||||||||xx |||||||||||||| ||und|| | ||
| 040 | _cGE_BSU | ||
| 245 | _aКлиническая медицина.№8.Том 91.2013. | ||
| 245 | _cГл. ред. В.Б.Симоненко. | ||
| 260 | _aМосква. | ||
| 260 | _bИздателство медицина. | ||
| 260 | _c2013. | ||
| 300 | _a80ст;29см. | ||
| 653 | _aКлиническая медицина | ||
| 942 | _cCR | ||
| 999 |
_c41369 _d41369 |
||